000 00647nam a2200193Ia 4500
003 IN-BaIIA
008 211028s9999 xx 000 0 eng d
020 _a0-7923-2455-2
040 _cIIA Library
080 _a52(082.1)
_bASS-185
100 _aPalmer, P. L
_919369
245 0 _aStability of collisionless stellar systems
_bmechanisms for the dynamical structure of galaxies
_cP. L. Palmer
260 _aDordrecht
_bKluwer Academic
_c1994
300 _aix, 349p.
650 _aAstronomy and Astrophysics Thesaurus
650 _aGalaxies
_91286
650 _aStellar systems
_93271
942 _cBK
999 _c11296
_d11296